[Event "EUCup final"]
[Site "Solingen"]
[Date "1991.??.??"]
[Round "2"]
[White "Dreev, Alexey"]
[Black "Schneider, B."]
[Result "1-0"]
[WhiteElo "2625"]
[BlackElo "2455"]

1.d4 g6 2.e4 Bg7 3.Nc3 c6 4.Bc4 d5 5.exd5 b5 6.Bb3 b4 7.Nce2 cxd5 8.Bd2 a5
9.a3 bxa3 10.Rxa3 e6 11.Ba4+ Bd7 12.Bxd7+ Qxd7 13.Rxa5 Rxa5 14.Bxa5 Nc6 15.Bc3 Nf6
16.Nf3 Ne4 17.O-O O-O 18.Bd2 Rb8 19.Bc1 Qa7 20.c3 Qa2 21.Nf4 Bf8 22.Nd3 Bd6
23.Ng5 Nxg5 24.Bxg5 Na5 25.Qa1 Qxa1 26.Rxa1 Nc4 27.Ra2 Kg7 28.Kf1 Rb7 29.Bc1 f6
30.f4 Kf7 31.Ke2 h6 32.Kd1 g5 33.Kc2 gxf4 34.Nxf4 Nb6 35.Ra6 h5 36.g3 Bxf4
37.Bxf4 Kg6 38.b3 Kf5 39.Kd3 Nd7 40.b4 h4 41.Ra5 Kg4 42.Bd6 h3 43.Ke2 f5
44.Ra6 Nf6 45.Bf4 Nh5 46.Ke3 Nxf4 47.gxf4 Rc7 48.Ra3 e5 49.dxe5 Rc4 50.b5 Re4+
51.Kd3 Kxf4 52.b6  1-0

[Event "Brno"]
[Site "Brno"]
[Date "1992.??.??"]
[Round "1"]
[White "Blatny, Pavel"]
[Black "Dreev, Alexey"]
[Result "1/2-1/2"]
[WhiteElo "2515"]
[BlackElo "2590"]

1.e4 e6 2.d4 d5 3.exd5 exd5 4.Nf3 Nc6 5.c3 Bd6 6.Bg5 Nge7 7.Bd3 Bg4 8.Nbd2 Qd7
9.O-O O-O 10.Re1 Rae8 11.Qc2  1/2-1/2

[Event "Brno"]
[Site "Brno"]
[Date "1992.??.??"]
[Round "3"]
[White "Sakaev, Konstantin"]
[Black "Dreev, Alexey"]
[Result "1/2-1/2"]
[WhiteElo "2540"]
[BlackElo "2590"]

1.d4 d5 2.c4 c6 3.Nf3 Nf6 4.Nc3 e6 5.Bg5 h6 6.Bxf6 Qxf6 7.e3 Nd7 8.Bd3 dxc4
9.Bxc4 Bd6 10.O-O Qe7 11.Ne4 Bc7 12.Rc1 O-O 13.Qc2 Rd8 14.Rfd1 Nf8 15.a3 a5
16.Ba2 Bd7 17.Nc5 Ra7 18.e4 Be8 19.e5 b6 20.Na4 Raa8  1/2-1/2

[Event "Brno"]
[Site "Brno"]
[Date "1992.??.??"]
[Round "4"]
[White "Dreev, Alexey"]
[Black "Popovic, Petar"]
[Result "1/2-1/2"]
[WhiteElo "2590"]
[BlackElo "2535"]

1.d4 Nf6 2.Nf3 g6 3.Bf4 Bg7 4.e3 d6 5.h3 O-O 6.Be2 c5 7.c3 Qb6 8.Qb3 Be6
9.Qxb6 axb6 10.a3 Nc6 11.Nbd2 Na5 12.Ng5 Bd7 13.O-O Nd5 14.Bh2 b5 15.dxc5 dxc5
16.Rad1 Bc6 17.Nge4 c4 18.Nc5 b6 19.Nce4 h6 20.Ng3 Rfd8 21.Nf3 e5 22.h4 f6
23.h5 g5 24.Nf5 Bf8 25.Nd2 Ne7 26.Bg4 Nb7 27.f4 Nxf5 28.Bxf5 Bc5 29.Ne4 Bxe3+
30.Kh1 exf4 31.Nxf6+ Kg7 32.Ng4 Bc5 33.Ne5 Bd5 34.Bd7 Be4 35.Rfe1 Nd6 36.Bg1 Nf5
37.Bxc5 bxc5 38.Kg1 Ne3 39.Rd6 Ra7 40.g3 Bf5 41.gxf4 gxf4 42.Kf2 Raxd7 43.Nxd7 Rxd7
44.Rg1+ Kf7 45.Rxd7+ Bxd7 46.Kf3 Kf6 47.Kxf4 Nd5+ 48.Ke4 Ne7 49.Kf4 Bf5 50.Rd1 Bd3
51.Re1 Nd5+ 52.Kg3 Nc7 53.Kf4 Ne6+ 54.Kg4 Bf5+ 55.Kf3 Ng7 56.Rd1 Bd3 57.Re1 Nxh5
58.Re8 Bf5 59.Rb8 Bd7 60.Rd8 Bc6+ 61.Ke3 Ke7 62.Rc8 Bd7 63.Rxc5 Nf6 64.a4 Kd6
65.Kd4 bxa4 66.Rxc4 h5 67.Ke3 Ng4+ 68.Kf4 h4 69.Rd4+ Ke7 70.Rxd7+ Kxd7 71.Kxg4 Kd6
72.Kxh4 Kd5 73.Kg5 Kc4 74.Kf6 Kb3 75.Ke7 Kxb2 76.c4 a3 77.c5 a2 78.c6 a1=Q
79.c7  1/2-1/2

[Event "Brno"]
[Site "Brno"]
[Date "1992.??.??"]
[Round "5"]
[White "Bischoff, Klaus"]
[Black "Dreev, Alexey"]
[Result "1/2-1/2"]
[WhiteElo "2510"]
[BlackElo "2590"]

1.Nf3 d5 2.c4 c6 3.e3 Nf6 4.Nc3 e6 5.d4 Nbd7 6.Qc2 Bd6 7.Be2 O-O 8.b3 a6
9.Bb2 e5 10.O-O-O exd4 11.Nxd4 Nb6 12.h3 Qe7 13.g4 Ba3 14.Bxa3 Qxa3+ 15.Qb2 Qe7
16.cxd5 cxd5 17.Kb1 Bd7 18.Rc1 Rae8 19.Bf3 a5  1/2-1/2

[Event "Brno"]
[Site "Brno"]
[Date "1992.??.??"]
[Round "9"]
[White "Dreev, Alexey"]
[Black "Ftacnik, Lubomir"]
[Result "1/2-1/2"]
[WhiteElo "2590"]
[BlackElo "2535"]

1.d4 Nf6 2.c4 g6 3.Nc3 d5 4.cxd5 Nxd5 5.e4 Nxc3 6.bxc3 Bg7 7.Bb5+ Bd7 8.Be2 c5
9.Nf3 cxd4 10.cxd4 Bc6 11.Qd3 f5 12.Qb3 Qb6 13.exf5 Qxb3 14.axb3 gxf5 15.Ra5 e6
16.b4  1/2-1/2

[Event "Calcutta"]
[Site "Calcutta"]
[Date "1992.??.??"]
[Round "2"]
[White "Umanskaya, Irina"]
[Black "Dreev, Alexey"]
[Result "0-1"]
[WhiteElo "2295"]
[BlackElo "2580"]

1.Nf3 d5 2.d4 Nf6 3.c4 c6 4.Nc3 e6 5.e3 Nbd7 6.Qc2 Bd6 7.Be2 O-O 8.O-O dxc4
9.Bxc4 b5 10.Bb3 Bb7 11.Rd1 Qc7 12.Qe2 a6 13.h3 c5 14.Bd2 c4 15.Bc2 b4 16.Na4 Qc6
17.Rac1 Rac8 18.Re1 Qb5 19.a3 c3 20.bxc3 b3 21.Qxb5 axb5 22.Bxb3 bxa4 23.Bxa4 Nb6
24.Bb5 Nc4 25.Bxc4 Rxc4  0-1

[Event "Calcutta"]
[Site "Calcutta"]
[Date "1992.??.??"]
[Round "3"]
[White "Dreev, Alexey"]
[Black "Mithrakanth, Poorna Sharma"]
[Result "1/2-1/2"]
[WhiteElo "2580"]
[BlackElo "2335"]

1.d4 Nf6 2.Nf3 e6 3.c4 b6 4.Nc3 Bb7 5.a3 d5 6.cxd5 Nxd5 7.Qc2 Nxc3 8.Qxc3 Nd7
9.Bg5 f6 10.Bf4 Bd6 11.Bg3 O-O 12.e3 Qe7 13.Bb5 c6 14.Bc4 c5 15.Rd1 Bxg3
16.hxg3 Rfd8 17.O-O Kh8 18.dxc5 Nxc5 19.b4 Ne4 20.Qb3 e5 21.Bd5 Rac8 22.Bxb7 Qxb7
23.Rxd8+ Rxd8 24.Rd1 Rxd1+ 25.Qxd1 g6 26.Qd8+ Kg7 27.g4 h6 28.Nh4 Ng5 29.f4 exf4
30.exf4 Qe4 31.Qc7+ Nf7 32.Kh2 Qe6 33.Qxa7 Qxg4 34.g3  1/2-1/2

[Event "Calcutta"]
[Site "Calcutta"]
[Date "1992.??.??"]
[Round "4"]
[White "Shetty, Rahul"]
[Black "Dreev, Alexey"]
[Result "0-1"]
[WhiteElo "2295"]
[BlackElo "2580"]

1.d4 d5 2.Nf3 Nf6 3.c4 c6 4.cxd5 cxd5 5.Nc3 Nc6 6.Bf4 e6 7.e3 Nh5 8.Be5 Be7
9.Bb5 O-O 10.Rc1 Bd7 11.Bxc6 Bxc6 12.h3 Qb6 13.Qb3 Qa6 14.Bh2 Rfc8 15.Rd1 Nf6
16.Nd2 Ne4 17.Ndxe4 dxe4 18.a3 Bd5 19.Nxd5 exd5 20.Kd2 Rc4 21.Rc1 Rac8 22.Rxc4 Rxc4
23.Bg3 Qc6 24.Rb1 Bg5 25.Ke1 h5 26.h4 Bd8 27.Kf1 Rc2 28.Kg1 Be7 29.Rf1 a5
30.a4 Rd2 31.Rd1 Qc2 32.Qxc2 Rxc2 33.Rb1 f5 34.Kf1 Kf7 35.Ke1 Bb4+ 36.Kf1 Ke6
37.Be5 g6 38.g3 Kd7 39.Bf6 Kc6 40.Bd8 b5 41.axb5+ Kxb5 42.b3 Ra2 43.Kg2 Bd2
44.Kf1 Kb4 45.Ke2 Bc3+ 46.Kf1 Bb2  0-1

[Event "Calcutta"]
[Site "Calcutta"]
[Date "1992.??.??"]
[Round "7"]
[White "Dreev, Alexey"]
[Black "Ehlvest, Jaan"]
[Result "1/2-1/2"]
[WhiteElo "2580"]
[BlackElo "2615"]

1.d4 Nf6 2.c4 e6 3.Nf3 b6 4.Nc3 Bb7 5.a3 d5 6.cxd5 Nxd5 7.Qc2 Nxc3 8.Qxc3 Nd7
9.Bg5 f6 10.Bf4 Bd6 11.Bg3 O-O 12.e3 Qe7 13.Bxd6 cxd6 14.Qc7 Bxf3 15.gxf3 Rfc8
16.Qb7 Rcb8 17.Qc7 Rc8  1/2-1/2

[Event "Calcutta"]
[Site "Calcutta"]
[Date "1992.??.??"]
[Round "8"]
[White "Ribli, Zoltan"]
[Black "Dreev, Alexey"]
[Result "1/2-1/2"]
[WhiteElo "2595"]
[BlackElo "2580"]

1.c4 c6 2.d4 d5 3.Nf3 Nf6 4.Nc3 e6 5.Bg5 h6 6.Bxf6 Qxf6 7.e3 Nd7 8.Bd3 dxc4
9.Bxc4 Bd6 10.Ne4 Bb4+ 11.Ke2 Qd8 12.Qc2 O-O 13.Rhd1 Qc7 14.a3 Be7 15.Rac1 Rd8
16.h3 b6 17.Kf1  1/2-1/2

[Event "Cappelle op"]
[Site "Cappelle la Grande"]
[Date "1992.??.??"]
[Round "1"]
[White "Szabo, Zsolt"]
[Black "Dreev, Alexey"]
[Result "0-1"]
[WhiteElo "2275"]
[BlackElo "2580"]

1.d4 d5 2.c4 c6 3.Nf3 Nf6 4.Nc3 e6 5.Bg5 h6 6.Bxf6 Qxf6 7.e3 Nd7 8.Bd3 dxc4
9.Bxc4 Bd6 10.O-O Qe7 11.Qc2 O-O 12.Bb3 Rd8 13.Rad1 b6 14.Ne4 Ba6 15.Bc4 Bb7
16.Nxd6 Qxd6 17.e4 Rac8 18.Qe2 c5 19.d5 exd5 20.Bxd5 Bxd5 21.Rxd5 Qe7 22.e5 Nf8
23.Rfd1 Rxd5 24.Rxd5 Rd8 25.Rxd8 Qxd8 26.h3 Ne6 27.b3 Qd5 28.Qa6 Qd1+ 29.Kh2 Qd7
30.a4 Kf8 31.Qc4 Qd1 32.Qe4 g6 33.Qe3 Kg7 34.h4 a6 35.h5 g5 36.Qe4 Qxb3 37.g3 Qd1
38.Kg2 b5 39.axb5 axb5 40.Nh2 Qxh5 41.g4 Nf4+  0-1

[Event "Cappelle op"]
[Site "Cappelle la Grande"]
[Date "1992.??.??"]
[Round "2"]
[White "Dreev, Alexey"]
[Black "Vetemaa, Juri"]
[Result "1-0"]
[WhiteElo "2580"]
[BlackElo "2395"]

1.d4 Nf6 2.c4 c5 3.d5 b5 4.cxb5 a6 5.b6 d6 6.Nc3 Nbd7 7.e4 Nxb6 8.a4 g6 9.a5 Nbd7
10.Bc4 Bg7 11.f4 O-O 12.Nf3 Rb8 13.O-O Ne8 14.Be3 Nc7 15.Ra2 Rb4 16.Bd2 Bb7
17.b3 Ba8 18.Ra1 Qb8 19.Re1 Rb7 20.e5 Nb5 21.Ne4 Re8 22.Neg5 dxe5 23.fxe5 Nxe5
24.Nxe5 Bxe5 25.Qf3 h5 26.Re4 Nd6 27.Ree1 Nxc4 28.bxc4 Rb3 29.Bc3  1-0

[Event "Cappelle op"]
[Site "Cappelle la Grande"]
[Date "1992.??.??"]
[Round "3"]
[White "Arkell, Keith C"]
[Black "Dreev, Alexey"]
[Result "1/2-1/2"]
[WhiteElo "2460"]
[BlackElo "2580"]

1.d4 d5 2.c4 c6 3.Nf3 Nf6 4.Nc3 e6 5.cxd5 exd5 6.Bg5 Be7 7.Qc2 O-O 8.e3 Nbd7
9.Bd3 Re8 10.O-O Nf8 11.Bxf6 Bxf6 12.b4 Bg4  1/2-1/2

[Event "Cappelle op"]
[Site "Cappelle la Grande"]
[Date "1992.??.??"]
[Round "4"]
[White "Dreev, Alexey"]
[Black "Szekely, Peter"]
[Result "1/2-1/2"]
[WhiteElo "2580"]
[BlackElo "2450"]

1.d4 Nf6 2.c4 g6 3.Nc3 Bg7 4.e4 d6 5.Nf3 O-O 6.Be2 e5 7.dxe5 dxe5 8.Qxd8 Rxd8
9.Bg5 Re8 10.Nd5 Nxd5 11.cxd5 c6 12.Bc4 cxd5 13.Bxd5 Nd7 14.Nd2 Nc5 15.O-O-O Ne6
16.Be3 Nf4 17.Bxf4 exf4 18.f3 Kf8 19.Nc4 Rb8 20.Rd3 b6 21.Kb1 Ba6 22.Ra3  1/2-1/2

[Event "Cappelle op"]
[Site "Cappelle la Grande"]
[Date "1992.??.??"]
[Round "7"]
[White "Banas, Jan"]
[Black "Dreev, Alexey"]
[Result "0-1"]
[WhiteElo "2385"]
[BlackElo "2580"]

1.c4 e6 2.Nf3 d5 3.d4 c6 4.Nc3 Nf6 5.e3 Nbd7 6.Qc2 Bd6 7.Bd2 O-O 8.e4 c5
9.cxd5 exd5 10.exd5 cxd4 11.Nxd4 Be5 12.Nf3 Bxc3 13.Bxc3 Re8+ 14.Be2 Nxd5
15.Bd2 N7f6 16.Kf1 Bg4 17.h3 Bh5 18.Qb3 Rc8 19.Rd1 Qe7 20.Bb5 Red8 21.Bg5 Qc5
22.g4 Ne4 23.Bh4 Bg6 24.Kg1 f6 25.Rd4 Kh8 26.Bf1 Nb6 27.Rxd8+ Rxd8 28.Kg2 Rd7
29.Bb5 Bf7 30.Qe3 Qxe3 31.fxe3 Rc7 32.Bd3 Bd5 33.Rd1 Kg8 34.Kf1 Nc5 35.Be2 Bxa2
36.Bg3 Rc8 37.Ra1 Bd5 38.Rxa7 Ne4 39.Be1 Rc1 40.Kg2 Rc2 41.Kf1 Rxb2 42.Nd4 Kf7
43.Ra1 Nc4 44.Bf2 Ncd2+ 45.Ke1 Bc4 46.Rc1 b5 47.Ra1 Bxe2 48.Nxe2 Rb1+ 49.Rxb1 Nxb1
50.Bg3 Nbc3 51.Nxc3 Nxc3 52.Bd6 Ne4  0-1

[Event "EU-chT (Men)"]
[Site "Debrecen"]
[Date "1992.??.??"]
[Round "5"]
[White "Adams, Michael"]
[Black "Dreev, Alexey"]
[Result "1/2-1/2"]
[WhiteElo "2620"]
[BlackElo "2580"]

1.e4 e6 2.d4 d5 3.Nd2 c5 4.exd5 Qxd5 5.Ngf3 cxd4 6.Bc4 Qd6 7.O-O Nf6 8.Nb3 Nc6
9.Nbxd4 Nxd4 10.Nxd4 a6 11.Re1 Qc7 12.Bb3 Bd6 13.Nf5 Bxh2+ 14.Kh1 O-O 15.Nxg7 Rd8
16.Qe2 Kxg7 17.g3 Bxg3 18.fxg3 b5 19.Bf4 Bb7+ 20.Kh2 Qc5 21.Be5 Kg6 22.Bxf6 Kxf6
23.Rf1+ Kg6 24.Bxe6 Qh5+ 25.Qxh5+ Kxh5 26.Bxf7+ Kg5 27.Rad1 Be4 28.c3 Rxd1
29.Rxd1 Rf8 30.Bd5 Rd8 31.Bb3 Rf8 32.Rd4 Bf3 33.Bd5 Bxd5 34.Rxd5+ Kg4 35.Kg2 Rf6
36.Rd4+ Kg5 37.Rd2 Kg4 38.c4 bxc4 39.Rd4+ Kf5 40.Rxc4 Rd6 41.Rf4+ Kg5 42.b3 Rd2+
43.Rf2 Rd5 44.Kh3 Ra5 45.a4 Rd5 46.b4 Rd4 47.Rb2 Rd6 48.b5 axb5 49.axb5 Rb6
50.Kg2 Kf6 51.Kf3 Ke7 52.Rb3 Kd7 53.Kg4 Rg6+ 54.Kf5 Rg7 55.g4 Kc7 56.b6+ Kb7
57.Kf4 Rg6 58.Rb5 h6 59.Kg3 Rc6 60.Kh4 Rc1 61.Rb3 Rd1 62.Rh3 Rd5 63.Rf3 Rd1
64.Rh3 Rd5 65.Rh1 Kxb6 66.Rf1 Kc7 67.Rf6 Kd7 68.Rxh6 Ke7 69.Rh5 Rd8 70.Rf5 Rh8+
71.Kg5 Rg8+ 72.Kf4 Rf8 73.Rxf8  1/2-1/2

[Event "EU-chT (Men)"]
[Site "Debrecen"]
[Date "1992.??.??"]
[Round "8"]
[White "Csom, Istvan"]
[Black "Dreev, Alexey"]
[Result "1/2-1/2"]
[WhiteElo "2490"]
[BlackElo "2580"]

1.Nf3 d5 2.b3 Bg4 3.Bb2 Nd7 4.d4 e6 5.Nbd2 c6 6.g3 Ngf6 7.Bg2 Be7 8.O-O O-O
9.c4 a5 10.a3 Re8  1/2-1/2

[Event "EU-chT (Men)"]
[Site "Debrecen"]
[Date "1992.??.??"]
[Round "9"]
[White "Supatashvili, Khvicha"]
[Black "Dreev, Alexey"]
[Result "1/2-1/2"]
[WhiteElo "2450"]
[BlackElo "2580"]

1.d4 d5 2.c4 c6 3.Nf3 Nf6 4.e3 Bf5 5.cxd5 cxd5 6.Qb3 Qc7 7.Bd2 e6 8.Nc3 Nc6
9.Be2 a6 10.O-O Bd6 11.Rfc1 O-O 12.Na4 Ne4 13.Be1 b5 14.Nc5 Bxc5  1/2-1/2

[Event "Helsinki op"]
[Site "Helsinki"]
[Date "1992.??.??"]
[Round "6"]
[White "Dreev, Alexey"]
[Black "Baburin, Alexander"]
[Result "1/2-1/2"]
[WhiteElo "2590"]
[BlackElo "2520"]

1.d4 d5 2.Nf3 Nf6 3.c4 e6 4.Nc3 Nbd7 5.Bg5 Be7 6.e3 O-O 7.Qc2 h6 8.Bh4 c5
9.Rd1 Qa5 10.a3 Nb6 11.Nd2 dxc4 12.Nxc4 Nxc4 13.Bxc4 Bd7 14.d5 exd5 15.Bxd5 Nxd5
16.Bxe7 Bf5 17.Qxf5 Nxe7 18.Qd7 Nc6 19.Qxb7 Rab8 20.Qxc6 Rxb2 21.O-O Qxc3
22.Qa6 Ra2 23.Qxa7 Qxa3 24.Qxa3 Rxa3 25.Rc1 Rc8 26.Rfd1 c4 27.Kf1  1/2-1/2

[Event "Manila ol (Men)"]
[Site "Manila"]
[Date "1992.??.??"]
[Round "?"]
[White "Dreev, Alexey"]
[Black "Sturua, Zurab"]
[Result "1/2-1/2"]
[WhiteElo "2580"]
[BlackElo "2545"]

1.d4 Nf6 2.c4 e6 3.Nf3 b6 4.Nc3 Bb7 5.a3 Ne4 6.Nxe4 Bxe4 7.Bf4 Bd6 8.Bxd6 cxd6
9.d5 O-O 10.Nd4 Na6 11.Nb5 Qf6 12.Qd4 Qxd4 13.Nxd4 Nc7 14.f3 e5 15.fxe4 exd4
16.Rd1 a5 17.Rxd4 Na6 18.g3 a4 19.e3 Nc5 20.Be2 Rfe8 21.Bd1 Nxe4 22.Bc2 Nc5
23.Kd2 Re5 24.Rf1 Rae8 25.Rf3 g6 26.g4 h5 27.h3 hxg4 28.hxg4 Kg7 29.Rdf4 R8e7
30.Rf6 Rg5 31.Rxd6 Rxg4 32.Rxb6 Rxc4 33.Rb4 Ne4+ 34.Kd3 Rc5 35.Bxa4 Rxd5+
36.Rd4 Rde5 37.b4 d5 38.Bb3 Ng5 39.Rg3 Rd7 40.a4 Ne6 41.Rh4 Rb7 42.b5 f5
43.Rb4 Kf6 44.b6 Nc5+ 45.Kc2 Re4 46.Rxe4 dxe4 47.a5 Nd7 48.Kc3 Nxb6  1/2-1/2

[Event "Manila ol (Men)"]
[Site "Manila"]
[Date "1992.??.??"]
[Round "?"]
[White "Lputian, Smbat G"]
[Black "Dreev, Alexey"]
[Result "1-0"]
[WhiteElo "2560"]
[BlackElo "2580"]

1.d4 d5 2.c4 c6 3.e3 Nf6 4.Nc3 e6 5.Nf3 Nbd7 6.Qc2 Bd6 7.Be2 O-O 8.O-O e5
9.cxd5 cxd5 10.dxe5 Nxe5 11.Rd1 Nxf3+ 12.Bxf3 Qc7 13.h3 Bh2+ 14.Kh1 Be5 15.Bd2 Be6
16.Be1 Rac8 17.Qe2 Qc4 18.Kg1 Qxe2 19.Bxe2 a6 20.f4 Bb8 21.Bf3 Rfe8 22.Bf2 Ba7
23.Rd2 h5 24.Re1 g6 25.Ree2 Ne4 26.Bxe4 dxe4 27.Nxe4 Rc1+ 28.Kh2 Kg7 29.b3 Bb8
30.Bh4 Bf5 31.Bf6+ Kf8 32.Bb2 Rcc8 33.Ba3+ Kg7 34.Ng3 Be6 35.Bd6 Bxd6 36.Rxd6 h4
37.Nh1 Red8 38.Rxd8 Rxd8 39.Nf2 a5 40.Ne4 Rc8 41.Nd6 Rb8 42.e4 b5 43.f5 Bd7
44.Rf2 gxf5 45.exf5 Rb6 46.Rd2 Kf6 47.Rd5 Ke7 48.Ne4 f6 49.a3 Rb8 50.Nxf6 Kxf6
51.Rxd7 b4 52.a4 Rc8 53.Rd4 Rc3 54.Rxh4 Rxb3 55.g4 Kg5 56.Rh5+ Kf4 57.f6 Rb2+
58.Kg1 Kg3 59.Kf1 Rf2+ 60.Ke1 Rxf6 61.Rxa5 b3 62.Rb5 Kxh3 63.Kd2 Kxg4 64.Kc3 Kf4
65.Kxb3 Ke4 66.Kc4 Rf1 67.Rh5 Rc1+ 68.Kb5 Rb1+ 69.Kc6 Kd4 70.a5  1-0

[Event "Manila ol (Men)"]
[Site "Manila"]
[Date "1992.??.??"]
[Round "?"]
[White "Alterman, Boris"]
[Black "Dreev, Alexey"]
[Result "1-0"]
[WhiteElo "2515"]
[BlackElo "2580"]

1.d4 d5 2.c4 c6 3.Nf3 Nf6 4.Nc3 e6 5.e3 Nbd7 6.Bd3 dxc4 7.Bxc4 b5 8.Bd3 Bb7
9.e4 b4 10.Na4 c5 11.e5 Nd5 12.O-O cxd4 13.Re1 g6 14.Bd2 Bg7 15.Bb5 a6 16.Nc5 axb5
17.Nxb7 Qb6 18.Nd6+ Ke7 19.Bg5+ Kf8 20.Rc1 h6 21.Bh4 Kg8 22.Bg3 Kh7 23.Nxf7 Rhf8
24.Nd6 Nf4 25.Qd2 Nh5 26.Nxd4 Nxg3 27.hxg3 Bxe5 28.Nxe6 Bxd6 29.Nxf8+ Rxf8
30.Re6 Rf6 31.Rce1 Qc5 32.R1e3 h5 33.Re2 Kg7 34.Re1 Kf7 35.Qe2 Ne5 36.Rxd6 Rxd6
37.Qxe5 Qxe5 38.Rxe5 Rd2 39.b3 Rd1+ 40.Kh2 Rd2 41.f3 Rxa2 42.Rxb5 Ra1 43.Rxb4 g5
44.Rb8  1-0

[Event "Alekhine op"]
[Site "Moscow"]
[Date "1992.??.??"]
[Round "?"]
[White "Dreev, Alexey"]
[Black "Sakaev, Konstantin"]
[Result "1-0"]
[WhiteElo "2590"]
[BlackElo "2540"]

1.d4 d5 2.c4 e6 3.Nf3 c6 4.Nc3 Nf6 5.e3 Nbd7 6.Bd3 dxc4 7.Bxc4 b5 8.Bd3 a6
9.e4 c5 10.e5 cxd4 11.Nxb5 Nxe5 12.Nxe5 axb5 13.O-O Qd5 14.Qe2 Rb8 15.Bg5 Be7
16.Rac1 O-O 17.Nc6 Rb7 18.f4 Rc7 19.Nxe7+ Rxe7 20.Bxf6 gxf6 21.Qg4+ Kh8 22.Qh4  1-0

[Event "Moscow rapid"]
[Site "Moscow"]
[Date "1992.??.??"]
[Round "?"]
[White "Dreev, Alexey"]
[Black "Sveshnikov, Evgeny"]
[Result "1-0"]
[WhiteElo "2590"]
[BlackElo "2525"]

1.e4 c5 2.Nf3 Nc6 3.d4 cxd4 4.Nxd4 e5 5.Nb5 d6 6.c4 Be7 7.N1c3 a6 8.Na3 Be6
9.Be2 Bg5 10.O-O Nd4 11.Nc2 Nxe2+ 12.Qxe2 Rc8 13.Bxg5 Qxg5 14.Ne3 Nf6 15.Rfd1 Rc6
16.Ncd5 Bxd5 17.Nxd5 Nxd5 18.Rxd5 Ke7 19.Rad1 Rhc8 20.b3 g6 21.g3 Qf6 22.a4 h5
23.h4 Qe6 24.Kg2 Rc5 25.Qe3 R8c6 26.Rxc5 Rxc5 27.Qd2 Kf8 28.Qb4 Qe7 29.a5 Kg7
30.Qc3 Kf8 31.b4 Rc6 32.Qb3 Qc7 33.c5 f6 34.Qe3 Kf7 35.Qh6 dxc5 36.bxc5 Rxc5
37.Qh7+ Ke6 38.Qxg6  1-0

[Event "RUS-chT"]
[Site "Podolsk"]
[Date "1992.??.??"]
[Round "?"]
[White "Chekhov, Valery A"]
[Black "Dreev, Alexey"]
[Result "1/2-1/2"]
[WhiteElo "2550"]
[BlackElo "2580"]

1.e4 e6 2.Nf3 d5 3.Nc3 Nf6 4.e5 Nfd7 5.d4 c5 6.dxc5 Nc6 7.Bf4 Nxc5 8.Bd3 Be7
9.h4 Bd7 10.h5 Qb6 11.Rb1 Qb4 12.Qd2 d4 13.Ne4 Qxd2+ 14.Kxd2 h6 15.a3 a5
16.Bg3 a4 17.Rbe1  1/2-1/2

[Event "RUS-chT"]
[Site "Podolsk"]
[Date "1992.??.??"]
[Round "?"]
[White "Dreev, Alexey"]
[Black "Sveshnikov, Evgeny"]
[Result "0-1"]
[WhiteElo "2580"]
[BlackElo "2560"]

1.d4 d5 2.c4 e6 3.Nf3 Nf6 4.Nc3 c6 5.e3 Nbd7 6.Bd3 dxc4 7.Bxc4 b5 8.Bd3 b4
9.Ne4 c5 10.Nxf6+ gxf6 11.O-O cxd4 12.Nxd4 Qb6 13.a4 a5 14.Bb5 Bb7 15.Qh5 Rd8
16.Rd1 Rg8 17.g3 Rg5 18.Qxh7 Rd5 19.b3 Bc5 20.Bb2 Ke7 21.Be2 Ne5 22.Qh4 Rxd4
23.Bxd4 Bxd4 24.exd4 Qc6 25.d5 Rxd5 26.f3 Rxd1+ 27.Rxd1 Nxf3+ 28.Bxf3 Qxf3
29.Rd2  0-1

[Event "RUS-chT"]
[Site "Podolsk"]
[Date "1992.??.??"]
[Round "?"]
[White "Epishin, Vladimir"]
[Black "Dreev, Alexey"]
[Result "1/2-1/2"]
[WhiteElo "2620"]
[BlackElo "2580"]

1.d4 d5 2.c4 c6 3.Nf3 Nf6 4.Nc3 e6 5.e3 Nbd7 6.Qc2 Bd6 7.Be2 O-O 8.O-O Qe7
9.Rd1 b6 10.e4 Nxe4 11.Nxe4 dxe4 12.Qxe4 Bb7 13.Bf4 Rad8 14.Bxd6 Qxd6 15.Rd3 Qc7
16.Rad1 c5 17.Qe3 h6 18.h3 a5 19.Ne5 cxd4 20.Rxd4 Nxe5 21.Rxd8 Rxd8 22.Rxd8+ Qxd8
23.Qxe5 Bc6 24.Qe3 Qg5 25.Qxg5 hxg5 26.g3 Kf8 27.Kf1 Ke7 28.Ke1 Kd6 29.Kd2 e5
30.b3 e4 31.a3 Ke5 32.Kc3 f5 33.b4 axb4+ 34.axb4 f4 35.Bg4 Bb7 36.b5 g6 37.Kd2 Kd4
38.Be6 e3+ 39.fxe3+ fxe3+ 40.Ke2 Be4 41.Bf7 Bd3+ 42.Ke1 Bxc4 43.Bxg6 Bxb5
44.h4 gxh4 45.gxh4 Ke5 46.Bh5 Bd7 47.Bd1 b5 48.h5 Bf5 49.h6 Kf6 50.Be2 b4
51.Bc4 Bg4 52.h7 Kg7 53.Bd3 b3 54.Be4 b2 55.Bb1 Bh5 56.Be4 Bf3 57.Bb1  1/2-1/2

[Event "Podolsk"]
[Site "Podolsk"]
[Date "1992.??.??"]
[Round "?"]
[White "Dreev, Alexey"]
[Black "Bagirov, Vladimir"]
[Result "1/2-1/2"]
[WhiteElo "2590"]
[BlackElo "2500"]

1.d4 d5 2.c4 c6 3.Nf3 Nf6 4.e3 Bf5 5.Qb3 Qc7 6.cxd5 cxd5 7.Bd2 e6 8.Bb5+ Nc6
9.Bb4 Bd6 10.Qa3 Ke7 11.Bxc6 bxc6 12.Nc3 Rhb8 13.Bxd6+ Qxd6 14.Qxd6+ Kxd6
15.Na4 Nd7 16.Rc1 f6 17.Nd2 Rb4 18.b3  1/2-1/2

[Event "Podolsk"]
[Site "Podolsk"]
[Date "1992.??.??"]
[Round "?"]
[White "Dreev, Alexey"]
[Black "Berkovich, Dmitry"]
[Result "1-0"]
[WhiteElo "2590"]
[BlackElo "2445"]

1.d4 f5 2.g3 g6 3.Bg2 Bg7 4.Nf3 Nf6 5.b3 O-O 6.O-O c6 7.c4 Ne4 8.Bb2 d5 9.Nc3 Be6
10.Qc2 Kh8 11.a4 Nd7 12.a5 Rc8 13.Rfd1 Qe8 14.Rac1 dxc4 15.bxc4 Nd6 16.d5 Bg8
17.Qb3 Nc5 18.Qa2 b5 19.axb6 axb6 20.Na4 Nxa4 21.Bxg7+ Kxg7 22.Qxa4 cxd5
23.Qa1+ Rf6 24.cxd5 Rxc1 25.Qxc1 h6 26.Nd4 Qd7 27.Qb2 Ne8 28.Nc6 Nc7 29.Qe5 Kf8
30.Rd4 b5 31.h4 Qd6 32.Qe3 h5 33.Qh6+ Ke8 34.Qg7 Rf8 35.Ne5 Bf7 36.Rd3 Qf6
37.d6 Nd5 38.d7+ Kd8 39.Qxf8+  1-0

[Event "Podolsk"]
[Site "Podolsk"]
[Date "1992.??.??"]
[Round "?"]
[White "Dreev, Alexey"]
[Black "Gufeld, Eduard"]
[Result "1/2-1/2"]
[WhiteElo "2590"]
[BlackElo "2485"]

1.d4 Nf6 2.Nf3 g6 3.Bf4 Bg7 4.e3 O-O 5.Be2 c5 6.c3 b6 7.O-O Ba6 8.Nbd2 Bxe2
9.Qxe2 Nc6 10.e4 cxd4 11.cxd4 d5 12.e5 Nh5 13.Be3 Qd7 14.Nh4 f5 15.f4 Bh6
16.Rf3 Rac8 17.Nb3  1/2-1/2

[Event "Podolsk"]
[Site "Podolsk"]
[Date "1992.??.??"]
[Round "?"]
[White "Dreev, Alexey"]
[Black "Sveshnikov, Evgeny"]
[Result "1/2-1/2"]
[WhiteElo "2590"]
[BlackElo "2525"]

1.d4 d5 2.c4 e6 3.Nc3 c6 4.Nf3 Nf6 5.Bg5 h6 6.Bxf6 Qxf6 7.e3 Bd6 8.Bd3 Qe7
9.O-O Nd7 10.Rc1 O-O 11.a3 a6 12.cxd5 exd5 13.Na4 Nf6 14.Nb6 Rb8 15.Nxc8 Rbxc8
16.Nd2 g6 17.Re1 Kg7 18.g3 h5 19.Qf3 Qd7 20.e4 dxe4 21.Nxe4 Nxe4 22.Bxe4 Rfe8
23.Bc2 Be7 24.d5 Qxd5 25.Qxd5 cxd5 26.Bb3 Rxc1 27.Rxc1 Bf6  1/2-1/2

[Event "Podolsk"]
[Site "Podolsk"]
[Date "1992.??.??"]
[Round "?"]
[White "Giorgadze, Giorgi"]
[Black "Dreev, Alexey"]
[Result "1/2-1/2"]
[WhiteElo "2525"]
[BlackElo "2590"]

1.c4 c6 2.Nc3 d5 3.d4 Nf6 4.Nf3 e6 5.e3 Nbd7 6.Qc2 Bd6 7.Be2 O-O 8.O-O Qe7
9.e4 Nxe4 10.Nxe4 dxe4 11.Qxe4 c5 12.Bf4 Bxf4 13.Qxf4 cxd4 14.Nxd4 Qb4 15.Qe3 e5
16.Nf5 g6 17.a3 Qc5 18.b4 Qxe3 19.Nxe3 Nf6 20.Rfd1 Be6 21.c5 Rfd8 22.Bc4 a5
23.Bxe6 fxe6 24.Rxd8+ Rxd8 25.bxa5 Rc8 26.Rc1 Rc6 27.Rb1 Rxc5 28.Rxb7 Rxa5
29.Rb3 Kf8 30.Kf1 Ra4 31.Ke2 Ke7 32.Rb7+ Nd7 33.Nc2 Kd6 34.Rb4 Ra7 35.Kd3 Kc5
36.Kc3 Nb6 37.Kb3 Rd7 38.Ne3 Rd3+ 39.Kc2 Rxa3 40.Rxb6 Rxe3 41.fxe3 Kxb6 42.Kd3 Kc5
43.Ke4 Kd6 44.g3 h5 45.h4 Kd7 46.Kxe5 Ke7 47.e4 Kf7 48.Kf4 Kf6 49.e5+ Kf7
50.g4 hxg4 51.Kxg4 Kg8  1/2-1/2

[Event "Podolsk"]
[Site "Podolsk"]
[Date "1992.??.??"]
[Round "?"]
[White "Zaitsev, Igor A"]
[Black "Dreev, Alexey"]
[Result "0-1"]
[WhiteElo "2445"]
[BlackElo "2590"]

1.e4 e6 2.d4 d5 3.Nc3 Nf6 4.e5 Nfd7 5.f4 c5 6.Nf3 Nc6 7.Be3 a6 8.Qd2 b5 9.dxc5 Bxc5
10.Bf2 O-O 11.Bd3 f6 12.exf6 Qxf6 13.Bxc5 Nxc5 14.O-O Bd7 15.g3 b4 16.Nd1 e5
17.Ne3 e4 18.Nxd5 Qxb2 19.Rfb1 Qa3 20.Bc4 Qxf3 21.a3 Be6 22.axb4 e3 23.Qxe3 Qxe3+
24.Nxe3 Bxc4 25.Nxc4 Ne4 26.Nb6 Rad8 27.Rxa6 Nd2 28.Rb2 Rfe8 29.c3 Nf3+ 30.Kg2 Ne1+
31.Kf1 Rd1 32.Rba2 Nc2+ 33.Kf2 Rd2+ 34.Kf3 h5 35.Rxc2 Rxc2 36.Nd5 Ne7  0-1

[Event "Tilburg"]
[Site "Tilburg"]
[Date "1992.??.??"]
[Round "1"]
[White "Dreev, Alexey"]
[Black "Sax, Gyula"]
[Result "1-0"]
[WhiteElo "2590"]
[BlackElo "2565"]

1.d4 Nf6 2.c4 e6 3.Nf3 b6 4.Nc3 Bb7 5.a3 d5 6.cxd5 Nxd5 7.e3 g6 8.h4 h6 9.Bb5+ c6
10.Bd3 Bg7 11.Ne4 Nf6 12.Nxf6+ Bxf6 13.b4 Nd7 14.Rb1 a5 15.e4 axb4 16.axb4 e5
17.O-O Bg7 18.h5 g5 19.Bb2 O-O 20.dxe5 Re8 21.e6 fxe6 22.Bc4 Nf6 23.Nd4 b5
24.Bxe6+ Kf8 25.Bf5 Qd6 26.Bg6 Red8 27.Qf3 Bc8 28.e5 Qxe5 29.Nxc6  1-0

[Event "Tilburg"]
[Site "Tilburg"]
[Date "1992.??.??"]
[Round "1"]
[White "Akopian, Vladimir"]
[Black "Dreev, Alexey"]
[Result "1/2-1/2"]
[WhiteElo "2600"]
[BlackElo "2590"]

1.d4 d5 2.Nf3 Nf6 3.c4 c6 4.Nc3 e6 5.e3 Nbd7 6.Qc2 Bd6 7.Be2 O-O 8.O-O Qe7
9.e4 Nxe4 10.Nxe4 dxe4 11.Qxe4 c5 12.Bg5 Nf6 13.Qc2 b6 14.dxc5 bxc5 15.Rad1 Bb7
16.Bxf6 gxf6 17.Nd2 f5 18.Bf3 Rfd8 19.Qc3 Rab8 20.Bxb7 Qxb7 21.b3 Bf8 22.Nf3 Bg7
23.Qe3 Qc7 24.Qe2 Qa5 25.h3 Qa3 26.Rd2 Bh6 27.Rxd8+ Rxd8 28.g4 fxg4 29.hxg4 Bg7
30.Kg2 Qb2 31.Qxb2 Bxb2 32.Rh1 Bf6 33.Kg3 Kg7 34.Kf4 h6 35.Ke3 Kg6 36.Ke2 Rd6
37.Rh5 Ra6 38.Rxc5 Rxa2+ 39.Ke3 Bg5+ 40.Nxg5 hxg5 41.Rc8 f5 42.gxf5+ exf5  1/2-1/2